[Event "Prague Summer Holiday K1"]
[Site "Prague"]
[Date "2022.07.28"]
[Round "8"]
[White "Hurtak, Otto"]
[Black "Schimmer, Michael"]
[Result "1-0"]
[WhiteElo "1957"]
[BlackElo "1862"]
[PlyCount "47"]
[EventDate "2022.07.24"]
[EventType "tourn"]
[EventRounds "9"]
[EventCountry "CZE"]
[SourceTitle "CBM 209 Extra"]
[Source "ChessBase"]
[SourceDate "2022.09.30"]
[SourceVersion "1"]
[SourceVersionDate "2022.09.30"]
[SourceQuality "1"]

1. c4 Nf6 2. Nc3 c5 3. g3 e6 4. Bg2 Be7 5. e4 Nc6 6. Nge2 0-0 7. 0-0 Rb8 8. d4 cxd4 9. Nxd4 Qb6 10. Nb3 a6 11. Be3 Qc7 12. f4 d6 13. Qe2 b6 14. Rac1 Nd7 15. Nd5 exd5 16. cxd5 Nc5 17. dxc6 Nxb3 18. axb3 b5 19. Bd4 Be6 20. f5 Bxb3 21. f6 gxf6 22. Qg4+ Kh8 23. Rxf6 Bxf6 24. Bxf6# 1-0

[Event "Budapest FS12 Nadassy"]
[Site "Budapest"]
[Date "2021.12.11"]
[Round "7.1"]
[White "Farago, Sandor"]
[Black "Schimmer, Michael"]
[Result "1-0"]
[WhiteElo "2095"]
[BlackElo "1739"]
[PlyCount "85"]
[EventDate "2021.12.04"]
[EventType "schev"]
[EventRounds "10"]
[EventCountry "HUN"]
[SourceTitle "CBM 205 Extra"]
[Source "ChessBase"]
[SourceDate "2022.01.31"]
[SourceVersion "1"]
[SourceVersionDate "2022.01.31"]
[SourceQuality "1"]
[WhiteTeam "A Team Higher Elo"]
[BlackTeam "B Team Lower Elo"]
[WhiteTeamCountry "HUN"]
[BlackTeamCountry "HUN"]

1. e4 d6 2. d4 Nf6 3. Nc3 g6 4. f4 Bg7 5. Nf3 c5 6. Bb5+ Bd7 7. e5 Ng4 8. e6 fxe6 9. Ng5 Bxb5 10. Nxe6 Bxd4 11. Nxb5 Qa5+ 12. Qd2 Bf2+ 13. Kd1 Qxd2+ 14. Bxd2 Na6 15. Nec7+ Nxc7 16. Nxc7+ Kd7 17. Nxa8 Rxa8 18. Ke2 Bd4 19. c3 Bg7 20. h3 Nf6 21. Kd3 Rf8 22. Rhf1 Nd5 23. Rae1 Rf7 24. a3 Nc7 25. g4 e6 26. Bc1 d5 27. a4 Ne8 28. Be3 b6 29. a5 Nd6 30. axb6 axb6 31. Ra1 Kc6 32. Bd2 Re7 33. Ra8 Ne4 34. b3 Nd6 35. Rfa1 c4+ 36. bxc4 dxc4+ 37. Kc2 Nb5 38. R1a4 Kc5 39. Rc8+ Kd5 40. Rd8+ Nd6 41. Ra6 Kc6 42. Be3 Rb7 43. Rxb6+ 1-0

[Event "Biel HTO 53rd"]
[Site "Biel"]
[Date "2020.07.23"]
[Round "4"]
[White "Schimmer, Michael"]
[Black "Carre, Sylvain"]
[Result "0-1"]
[WhiteElo "1776"]
[BlackElo "2106"]
[PlyCount "74"]
[EventDate "2020.07.20"]
[EventType "swiss"]
[EventRounds "9"]
[EventCountry "SUI"]
[SourceTitle "CBM 197"]
[Source "ChessBase"]
[SourceDate "2020.07.27"]
[SourceVersion "1"]
[SourceVersionDate "2020.07.27"]
[SourceQuality "1"]

1. e4 g6 2. d4 d5 3. exd5 Qxd5 4. Nc3 Qd8 5. Bc4 Bg7 6. Be3 Nh6 7. Qd2 Nf5 8. 0-0-0 0-0 9. h4 Nxe3 10. fxe3 Bg4 11. Nf3 Nd7 12. Ne4 Nf6 13. Nf2 Bxf3 14. gxf3 h5 15. Rhg1 e6 16. Nh3 b5 17. Bxe6 fxe6 18. Rxg6 Kf7 19. Qd3 Bh8 20. Nf4 Qd7 21. e4 Rg8 22. e5 Nd5 23. Rxg8 Rxg8 24. Qh7+ Bg7 25. Qxh5+ Ke7 26. Qg5+ Ke8 27. Qg6+ Qf7 28. Qxe6+ Qxe6 29. Nxe6 Bh6+ 30. Kb1 Rg2 31. Rh1 Rf2 32. Ng5 Bxg5 33. hxg5 Rxf3 34. Rg1 Kf7 35. c3 Rf2 36. g6+ Kg7 37. Rg5 c6 0-1

[Event "Gibraltar Amateur op-A"]
[Site "Caleta"]
[Date "2016.01.28"]
[Round "4"]
[White "Odiase, Oluwaseun"]
[Black "Schimmer, Michael"]
[Result "1-0"]
[WhiteElo "1834"]
[BlackElo "1782"]
[PlyCount "95"]
[EventDate "2016.01.25"]
[EventType "swiss"]
[EventRounds "5"]
[EventCountry "GGB"]
[SourceTitle "CBM 170 Extra"]
[Source "ChessBase"]
[SourceDate "2016.02.25"]
[SourceVersion "1"]
[SourceVersionDate "2016.02.25"]
[SourceQuality "1"]

1. g3 c5 2. Bg2 Nc6 3. e4 d6 4. f4 g6 5. c3 Bg7 6. Nf3 Nf6 7. Qe2 0-0 8. 0-0 Rb8 9. Na3 a6 10. d4 cxd4 11. cxd4 e6 12. Kh1 b5 13. Rd1 Re8 14. b3 Bb7 15. Bb2 Qd7 16. Ne5 Qe7 17. Nxc6 Bxc6 18. Rac1 Bb7 19. Rc2 Rbc8 20. Rdc1 Qd7 21. Nb1 Rxc2 22. Rxc2 Rc8 23. Rxc8+ Qxc8 24. Nc3 Qc7 25. h3 h5 26. e5 Ne8 27. Ne4 Bf8 28. g4 h4 29. Qf2 Be7 30. f5 Qc8 31. fxg6 fxg6 32. Nf6+ Bxf6 33. exf6 Bxg2+ 34. Kxg2 Qb7+ 35. Kg1 Kf7 36. Bc1 Qe4 37. Bg5 Nc7 38. Bxh4 Nd5 39. Bg3 Nc3 40. Bxd6 Ne2+ 41. Kf1 Nxd4 42. Kg1 Nf3+ 43. Kg2 Ne1+ 44. Kf1 Qh1+ 45. Ke2 Qe4+ 46. Qe3 Qb1 47. Qa7+ Kxf6 48. Qe7# 1-0

[Event "Gibraltar Masters 14th"]
[Site "Caleta"]
[Date "2016.01.27"]
[Round "2"]
[White "Schimmer, Michael"]
[Black "Semprun Martinez, Fernando M"]
[Result "0-1"]
[WhiteElo "1782"]
[BlackElo "2178"]
[PlyCount "76"]
[EventDate "2016.01.26"]
[EventType "swiss"]
[EventRounds "10"]
[EventCountry "GGB"]
[SourceTitle "CBM 171"]
[Source "ChessBase"]
[SourceDate "2016.03.14"]
[SourceVersion "2"]
[SourceVersionDate "2016.03.14"]
[SourceQuality "1"]

1. e4 c5 2. Nf3 Nc6 3. d4 cxd4 4. Nxd4 Nf6 5. Nc3 d6 6. Bg5 e6 7. Qd2 a6 8. 0-0-0 Bd7 9. f4 b5 10. Nxc6 Bxc6 11. Bd3 b4 12. Ne2 Qb6 13. Ng3 h5 14. Bh4 Ng4 15. Nf1 d5 16. h3 Nf6 17. Bxf6 gxf6 18. exd5 Bxd5 19. Ne3 Rd8 20. Rhe1 Bc5 21. f5 Bxe3 22. Rxe3 e5 23. Qe2 Ke7 24. Rxe5+ fxe5 25. Qxe5+ Be6 26. Re1 Qd6 27. Qa5 Qf4+ 28. Kd1 Rh6 29. fxe6 Rxe6 30. Rxe6+ fxe6 31. Qxh5 Qf1+ 32. Kd2 Qxg2+ 33. Kd1 Qf1+ 34. Kd2 Qf4+ 35. Kd1 Rd5 36. Qh7+ Kd6 37. Qb7 Qf1+ 38. Kd2 Qg2+ 0-1

[Event "Gibraltar Masters 14th"]
[Site "Caleta"]
[Date "2016.01.26"]
[Round "1"]
[White "Anurag, Mhamal"]
[Black "Schimmer, Michael"]
[Result "1-0"]
[WhiteElo "2387"]
[BlackElo "1782"]
[PlyCount "53"]
[EventDate "2016.01.26"]
[EventType "swiss"]
[EventRounds "10"]
[EventCountry "GGB"]
[SourceTitle "CBM 171"]
[Source "ChessBase"]
[SourceDate "2016.03.14"]
[SourceVersion "2"]
[SourceVersionDate "2016.03.14"]
[SourceQuality "1"]

1. Nf3 c5 2. b3 Nc6 3. Bb2 d6 4. d4 cxd4 5. Nxd4 Nf6 6. g3 e6 7. Bg2 Qc7 8. c4 a6 9. Nc3 Be7 10. 0-0 0-0 11. Rc1 Bd7 12. Nd5 Qd8 13. Nxe7+ Qxe7 14. Qd2 Nxd4 15. Qxd4 Bc6 16. Ba3 Rfd8 17. Rfd1 Ne8 18. e4 Rd7 19. e5 Rad8 20. Bxc6 bxc6 21. Qb6 Qg5 22. exd6 Nf6 23. Qxc6 Qh5 24. Bb2 Ng4 25. Qg2 Rxd6 26. Rxd6 Rxd6 27. Qa8+ 1-0

[Event "Gibraltar Amateur op-A"]
[Site "Caleta"]
[Date "2016.01.25"]
[Round "1"]
[White "Boabaid, Jorge Alberto Duard"]
[Black "Schimmer, Michael"]
[Result "1/2-1/2"]
[WhiteElo "1895"]
[BlackElo "1782"]
[PlyCount "126"]
[EventDate "2016.01.25"]
[EventType "swiss"]
[EventRounds "5"]
[EventCountry "GGB"]
[SourceTitle "CBM 170 Extra"]
[Source "ChessBase"]
[SourceDate "2016.02.25"]
[SourceVersion "1"]
[SourceVersionDate "2016.02.25"]
[SourceQuality "1"]

1. e4 d6 2. d4 Nf6 3. Nc3 g6 4. h3 Bg7 5. Nf3 0-0 6. Bd3 c6 7. 0-0 Nbd7 8. Be3 Qc7 9. Qd2 Re8 10. Bh6 Bh8 11. Ne2 e5 12. Ng5 exd4 13. Nxd4 Nc5 14. Rae1 Bd7 15. c3 Nxd3 16. Qxd3 Re7 17. Re3 Rae8 18. Rfe1 a6 19. Ne2 d5 20. Ng3 Bc8 21. exd5 Nxd5 22. Rxe7 Rxe7 23. Rxe7 Qxe7 24. Nf3 Nf6 25. Bg5 Qd7 26. Qe2 Qe6 27. Qxe6 Bxe6 28. a3 Nd7 29. Nd4 Bd5 30. Nge2 Ne5 31. b3 c5 32. f4 cxd4 33. fxe5 dxc3 34. Nxc3 Bxb3 35. Bf4 f6 36. exf6 Bxf6 37. Ne4 Be7 38. Nd6 b5 39. Kf2 Bd5 40. g3 Be6 41. h4 Bd7 42. Ke3 Bf6 43. Ne4 Bb2 44. Bd6 Kg7 45. Nc5 Bc8 46. Nd3 Bf6 47. Ne5 Bd8 48. Nc6 Bb6+ 49. Ke2 Bg4+ 50. Kd3 Bf3 51. Ne5 Bd5 52. Kc3 Bf2 53. Nd3 Bb6 54. Nf4 Bc4 55. Nd3 Bxd3 56. Kxd3 Kf6 57. Ke4 Ke6 58. Bb4 Bc7 59. g4 Bd6 60. h5 gxh5 61. gxh5 a5 62. Bxa5 Bxa3 63. Bd2 Bc5 1/2-1/2

[Event "Prague Holiday K21"]
[Site "Prague"]
[Date "2013.07.25"]
[Round "8"]
[White "Ruell, Michael"]
[Black "Schimmer, Michael"]
[Result "1/2-1/2"]
[WhiteElo "1829"]
[BlackElo "1829"]
[PlyCount "83"]
[EventDate "2013.07.21"]
[EventType "tourn"]
[EventRounds "9"]
[EventCountry "CZE"]
[SourceTitle "EXT 2023"]
[Source "ChessBase"]
[SourceDate "2022.10.05"]
[SourceVersion "1"]
[SourceVersionDate "2022.10.05"]
[SourceQuality "1"]

1. d4 Nf6 2. Nf3 c5 3. c3 g6 4. Bf4 Bg7 5. e3 cxd4 6. exd4 0-0 7. Nbd2 d5 8. Be2 Nc6 9. h3 Nd7 10. 0-0 a6 11. Re1 b5 12. a3 Bb7 13. Nb3 Na5 14. Nxa5 Qxa5 15. Qd2 Rac8 16. Bh6 Qc7 17. Bxg7 Kxg7 18. Ng5 Nf6 19. Bg4 Rce8 20. Be6 Bc8 21. Bxc8 Qxc8 22. Re3 h6 23. Nf3 Ne4 24. Qe2 Qc4 25. Ne5 Qxe2 26. Rxe2 Rc8 27. Nd7 Rfd8 28. Nb6 Rc6 29. Nxd5 Rxd5 30. Rxe4 e6 31. Rae1 Rdd6 32. Re5 h5 33. Rc5 Rb6 34. g4 hxg4 35. hxg4 Rb8 36. Kg2 f6 37. Rh1 Rf8 38. Rc7+ Rf7 39. Rh7+ Kxh7 40. Rxf7+ Kh6 41. f4 e5 42. Rxf6 1/2-1/2